Manažeři a krize

Prekonanie súčasnej hospodárskej krízy a potreba zmeny správania organizácie. Vplyv manažérov na správanie organizácie. Zmena pravidiel. Produktivita a konkurencieschopnosť. Technológie a inovácie ako súčasti stratégie. Väčší priestor pre kreativitu. Spolupráca v rámci inovačného ekosystému. Vzdelan...

Description complète

Enregistré dans:
Détails bibliographiques
Auteur principal: Pitra, Zbyněk
Format: Chapitre de livre
Langue:tchèque
Sujets:
Tags: Ajouter un tag
Pas de tags, Soyez le premier à ajouter un tag!

MARC

LEADER 00000naa a2200000 4500
001 0160939
005 20240315070616.4
041 0 |a cze 
044 |a CZ 
245 1 0 |a Manažeři a krize  |c Zbyněk Pitra 
520 |a Prekonanie súčasnej hospodárskej krízy a potreba zmeny správania organizácie. Vplyv manažérov na správanie organizácie. Zmena pravidiel. Produktivita a konkurencieschopnosť. Technológie a inovácie ako súčasti stratégie. Väčší priestor pre kreativitu. Spolupráca v rámci inovačného ekosystému. Vzdelanie pracovných síl pre prax. 
610 2 0 |a manažéri 
610 2 0 |a manažment 
610 2 0 |a riadenie strategické 
610 2 0 |a produktivita 
610 2 0 |a konkurencieschopnosť 
610 2 0 |a inovácia 
610 2 0 |a kreativita 
610 2 0 |a spolupráca podnikov 
610 2 0 |a vzdelanie 
610 2 0 |a kríza hospodárska 
100 1 |a Pitra, Zbyněk